White NBA Players With the Most Assists - Statistics

General Stats
  • This quiz has been taken 23 times
  • The average score is 4 of 10
Answer Stats
Assists Player % Correct
15806 John Stockton
95%
5695 Larry Bird
81%
6238 Jerry West
57%
6955 Bob Cousy
52%
5304 Nikola Jokić
48%
6114 John Havlicek
24%
4863 Mark Price
24%
4709 Brad Davis
10%
4805 Gail Goodrich
10%
5281 Jeff Hornacek
10%
No matching quizzes found
Score Distribution
Percent of People with Each Score
Percentile by Number Answered
Your Score History
You have not taken this quiz